[Event "XLIV Memoriał Szachowy Ludwika Zamenhofa 2025, Grupa A"]
[Site "Białystok, Poland"]
[Date "2025.12.30"]
[Round "7.4"]
[White "Obrycki, Tomasz"]
[Black "Nasuta, Grzegorz"]
[Result "1/2-1/2"]
[TimeControl "90'+30\""]
[WhiteElo "2068"]
[BlackElo "2498"]

1. d4 {[%clk 01:30:55]} {[%emt 00:00:04]} d5 {[%clk 01:28:05]} {[%emt
00:02:56]} 2. c4 {[%clk 01:31:10]} {[%emt 00:00:16]} e6 {[%clk 01:28:24]}
{[%emt 00:00:11]} 3. Nf3 {[%clk 01:31:15]} {[%emt 00:00:24]} c6 {[%clk
01:28:31]} {[%emt 00:00:23]} 4. e3 {[%clk 01:31:05]} {[%emt 00:00:40]} Nf6
{[%clk 01:28:01]} {[%emt 00:01:00]} 5. Nbd2 {[%clk 01:29:54]} {[%emt 00:01:41]}
Nbd7 {[%clk 01:10:54]} {[%emt 00:17:37]} 6. Bd3 {[%clk 01:25:35]} {[%emt
00:04:49]} Bd6 {[%clk 01:11:10]} {[%emt 00:00:14]} 7. b3 {[%clk 01:17:44]}
{[%emt 00:08:21]} b6 {[%clk 01:11:36]} {[%emt 00:00:05]} 8. Bb2 {[%clk
01:17:34]} {[%emt 00:00:39]} Bb7 {[%clk 01:12:01]} {[%emt 00:00:05]} 9. O-O
{[%clk 01:16:46]} {[%emt 00:01:18]} O-O {[%clk 01:05:58]} {[%emt 00:06:33]} 10.
Qe2 {[%clk 01:07:58]} {[%emt 00:09:17]} Re8 {[%clk 01:03:54]} {[%emt 00:02:35]}
11. Rad1 {[%clk 00:47:50]} {[%emt 00:20:37]} Qc7 {[%clk 01:00:42]} {[%emt
00:03:42]} 12. Rfe1 {[%clk 00:44:23]} {[%emt 00:03:57]} Rad8 {[%clk 00:56:58]}
{[%emt 00:04:15]} 13. h3 {[%clk 00:43:43]} {[%emt 00:01:10]} h6 {[%clk
00:40:17]} {[%emt 00:17:11]} 14. Bb1 {[%clk 00:37:29]} {[%emt 00:06:43]} Nf8
{[%clk 00:22:50]} {[%emt 00:17:58]} 15. e4 {[%clk 00:23:13]} {[%emt 00:14:46]}
dxe4 {[%clk 00:22:55]} {[%emt 00:00:24]} 16. Nxe4 {[%clk 00:23:13]} {[%emt
00:00:30]} Nxe4 {[%clk 00:23:17]} {[%emt 00:00:09]} 17. Bxe4 {[%clk 00:23:13]}
{[%emt 00:00:30]} f5 {[%clk 00:11:12]} {[%emt 00:12:35]} 18. Bd3 {[%clk
00:18:46]} {[%emt 00:04:54]} c5 {[%clk 00:09:36]} {[%emt 00:02:10]} 19. dxc5
{[%clk 00:17:00]} {[%emt 00:02:15]} Bxc5 {[%clk 00:09:56]} {[%emt 00:00:10]} 20.
Ne5 {[%clk 00:16:16]} {[%emt 00:01:13]} Bb4 {[%clk 00:07:09]} {[%emt 00:03:18]}
21. Rf1 {[%clk 00:16:26]} {[%emt 00:00:20]} Qe7 {[%clk 00:06:47]} {[%emt
00:00:52]} 22. Bc2 {[%clk 00:12:34]} {[%emt 00:04:22]} Qg5 {[%clk 00:05:00]}
{[%emt 00:02:17]} 23. Nf3 {[%clk 00:07:59]} {[%emt 00:05:05]} Qh5 {[%clk
00:04:56]} {[%emt 00:00:33]} 24. Nd4 {[%clk 00:06:10]} {[%emt 00:02:19]} Qg6
{[%clk 00:02:08]} {[%emt 00:03:19]} 25. f4 {[%clk 00:05:16]} {[%emt 00:01:24]}
Bd6 {[%clk 00:01:12]} {[%emt 00:01:25]} 26. Nb5 {[%clk 00:04:56]} {[%emt
00:00:51]} Bc5+ {[%clk 00:01:21]} {[%emt 00:00:22]} 27. Kh2 {[%clk 00:04:39]}
{[%emt 00:00:46]} a6 {[%clk 00:01:25]} {[%emt 00:00:27]} 28. Nd4 {[%clk
00:03:26]} {[%emt 00:01:41]} Bd6 {[%clk 00:01:54]} {[%emt 00:00:02]} 29. Kh1
{[%clk 00:01:42]} {[%emt 00:02:12]} Nh7 {[%clk 00:00:42]} {[%emt 00:01:44]} 30.
Nf3 {[%clk 00:00:34]} {[%emt 00:01:38]} Nf6 {[%clk 00:00:34]} {[%emt 00:00:38]}
31. Bxf6 {[%clk 00:00:40]} {[%emt 00:00:24]} gxf6 {[%clk 00:00:39]} {[%emt
00:00:25]} 32. Qf2 {[%clk 00:00:33]} {[%emt 00:00:37]} Bc5 {[%clk 00:00:38]}
{[%emt 00:00:31]} 33. Qe2 {[%clk 00:00:48]} {[%emt 00:00:14]} Bd6 {[%clk
00:00:47]} {[%emt 00:00:23]} 34. Qf2 {[%clk 00:01:16]} {[%emt 00:00:01]} Bxf4
{[%emt 00:00:48]} 35. Nh4 {[%clk 00:01:11]} {[%emt 00:00:32]} Qg3 {[%clk
00:00:31]} {[%emt 00:00:31]} 36. Qxf4 {[%clk 00:01:17]} {[%emt 00:00:24]} Qxf4
{[%clk 00:00:34]} {[%emt 00:00:27]} 37. Rxf4 {[%clk 00:01:46]} {[%emt
00:00:01]} Rxd1+ {[%clk 00:01:01]} {[%emt 00:00:03]} 38. Bxd1 {[%clk 00:02:14]}
{[%emt 00:00:02]} Rd8 {[%clk 00:01:26]} {[%emt 00:00:04]} 39. Rf1 {[%clk
00:00:57]} {[%emt 00:01:47]} Rd2 {[%clk 00:01:56]} {[%emt 00:00:01]} 40. Bf3
{[%clk 00:00:45]} {[%emt 00:00:42]} Bxf3 {[%clk 00:02:15]} {[%emt 00:00:11]} 41.
Nxf3 {[%clk 00:01:00]} {[%emt 00:00:15]} Rxa2 {[%clk 00:02:44]} {[%emt
00:00:01]} 42. Nd4 {[%clk 00:01:06]} {[%emt 00:00:24]} Kf7 {[%clk 00:02:55]}
{[%emt 00:00:19]} 43. Re1 {[%clk 00:01:25]} {[%emt 00:00:10]} Rb2 {[%clk
00:02:51]} {[%emt 00:00:35]} 44. Rxe6 {[%clk 00:01:00]} {[%emt 00:00:55]} Rxb3
{[%clk 00:03:20]} {[%emt 00:00:01]} 45. Rc6 {[%clk 00:00:52]} {[%emt 00:00:24]}
Rb4 {[%clk 00:03:22]} {[%emt 00:00:42]} 46. Nxf5 {[%clk 00:01:09]} {[%emt
00:00:13]} a5 {[%clk 00:03:44]} {[%emt 00:00:08]} 47. Nd6+ {[%clk 00:00:47]}
{[%emt 00:00:51]} Kg6 {[%clk 00:03:56]} {[%emt 00:00:19]} 48. c5 {[%clk
00:00:41]} {[%emt 00:00:37]} a4 {[%clk 00:04:03]} {[%emt 00:00:22]} 49. Rxb6
{[%clk 00:00:33]} {[%emt 00:00:38]} Rxb6 {[%clk 00:04:29]} {[%emt 00:00:04]} 50.
cxb6 {[%clk 00:01:01]} {[%emt 00:00:01]} a3 {[%clk 00:04:53]} {[%emt 00:00:07]}
51. b7 {[%clk 00:01:25]} {[%emt 00:00:07]} a2 {[%clk 00:05:22]} 52. b8=Q {[%clk
00:01:42]} {[%emt 00:00:13]} a1=Q+ {[%clk 00:05:48]} {[%emt 00:00:04]} 53. Kh2
{[%clk 00:02:01]} {[%emt 00:00:11]} Qe5+ {[%clk 00:06:16]} {[%emt 00:00:02]}
1/2-1/2

[Event "XLIV Memoriał Szachowy Ludwika Zamenhofa 2025, Grupa A"]
[Site "Białystok, Poland"]
[Date "2025.12.30"]
[Round "7.5"]
[White "Rekuc, Patryk"]
[Black "Jakubowski, Krzysztof"]
[Result "1/2-1/2"]
[TimeControl "90'+30\""]
[WhiteElo "2288"]
[BlackElo "2437"]

1. e4 {[%clk 01:29:56]} {[%emt 00:01:03]} c5 {[%clk 01:30:47]} {[%emt
00:00:14]} 2. Nf3 {[%clk 01:30:19]} {[%emt 00:00:07]} d6 {[%clk 01:31:07]}
{[%emt 00:00:10]} 3. d4 {[%clk 01:30:43]} {[%emt 00:00:06]} cxd4 {[%clk
01:31:32]} {[%emt 00:00:05]} 4. Nxd4 {[%clk 01:31:08]} {[%emt 00:00:05]} Nf6
{[%clk 01:31:56]} {[%emt 00:00:06]} 5. Nc3 {[%clk 01:31:34]} {[%emt 00:00:05]}
Nc6 {[%clk 01:32:21]} {[%emt 00:00:05]} 6. Bg5 {[%clk 01:31:43]} {[%emt
00:00:21]} e6 {[%clk 01:32:45]} {[%emt 00:00:06]} 7. Qd2 {[%clk 01:18:07]}
{[%emt 00:14:06]} Be7 {[%clk 01:32:23]} {[%emt 00:00:51]} 8. f3 {[%clk
01:16:00]} {[%emt 00:02:38]} a6 {[%clk 01:32:15]} {[%emt 00:00:38]} 9. O-O-O
{[%clk 00:57:44]} {[%emt 00:18:45]} Bd7 {[%clk 01:32:36]} {[%emt 00:00:09]} 10.
Bc4 {[%clk 00:56:09]} {[%emt 00:02:06]} Na5 {[%clk 01:29:50]} {[%emt 00:03:16]}
11. Bd3 {[%clk 00:51:22]} {[%emt 00:05:17]} b5 {[%clk 01:29:11]} {[%emt
00:01:08]} 12. f4 {[%clk 00:48:22]} {[%emt 00:03:30]} Qb6 {[%clk 01:16:20]}
{[%emt 00:13:22]} 13. Nf3 {[%clk 00:42:36]} {[%emt 00:06:16]} b4 {[%clk
01:13:46]} {[%emt 00:03:03]} 14. Ne2 {[%clk 00:42:46]} {[%emt 00:00:19]} Rc8
{[%clk 01:12:38]} {[%emt 00:01:40]} 15. Kb1 {[%clk 00:28:39]} {[%emt 00:14:38]}
Bc6 {[%clk 00:57:10]} {[%emt 00:15:58]} 16. Ng3 {[%clk 00:24:57]} {[%emt
00:04:12]} h6 {[%clk 00:57:15]} {[%emt 00:00:25]} 17. Bh4 {[%clk 00:17:42]}
{[%emt 00:07:45]} d5 {[%clk 00:47:27]} {[%emt 00:10:17]} 18. Qe2 {[%clk
00:17:44]} {[%emt 00:00:28]} dxe4 {[%clk 00:45:14]} {[%emt 00:02:43]} 19. Nxe4
{[%clk 00:17:16]} {[%emt 00:00:59]} Bxe4 {[%clk 00:39:47]} {[%emt 00:05:57]} 20.
Bxe4 {[%clk 00:16:49]} {[%emt 00:00:56]} Nxe4 {[%clk 00:33:31]} {[%emt
00:06:47]} 21. Qxe4 {[%clk 00:17:17]} {[%emt 00:00:02]} Bxh4 {[%clk 00:33:54]}
{[%emt 00:00:06]} 22. Nxh4 {[%clk 00:17:43]} {[%emt 00:00:02]} O-O {[%clk
00:31:50]} {[%emt 00:02:36]} 23. Rd4 {[%clk 00:14:49]} {[%emt 00:03:24]}
1/2-1/2

[Event "XLIV Memoriał Szachowy Ludwika Zamenhofa 2025, Grupa A"]
[Site "Białystok, Poland"]
[Date "2025.12.30"]
[Round "7.6"]
[White "Krawczyk, Flawian"]
[Black "Pidluznij, Gleb"]
[Result "1-0"]
[TimeControl "90'+30\""]
[WhiteElo "2292"]
[BlackElo "2411"]

1. e4 {[%clk 01:30:57]} {[%emt 00:00:02]} e5 {[%clk 01:23:07]} {[%emt
00:07:54]} 2. Nf3 {[%clk 01:31:20]} {[%emt 00:00:06]} Nc6 {[%clk 01:23:31]}
{[%emt 00:00:06]} 3. Bc4 {[%clk 01:31:47]} {[%emt 00:00:03]} d6 {[%clk
01:23:21]} {[%emt 00:00:40]} 4. a4 {[%clk 01:29:20]} {[%emt 00:02:59]} a5
{[%clk 01:16:58]} {[%emt 00:06:52]} 5. c3 {[%clk 01:26:30]} {[%emt 00:03:20]}
h6 {[%clk 01:08:56]} {[%emt 00:08:32]} 6. d4 {[%clk 01:24:56]} {[%emt
00:02:04]} Qf6 {[%clk 01:06:01]} {[%emt 00:03:24]} 7. Na3 {[%clk 01:18:16]}
{[%emt 00:07:11]} Be7 {[%clk 00:56:57]} {[%emt 00:09:34]} 8. Bb5 {[%clk
01:09:10]} {[%emt 00:09:37]} Kf8 {[%clk 00:45:44]} {[%emt 00:11:42]} 9. O-O
{[%clk 01:02:11]} {[%emt 00:07:28]} Bg4 {[%clk 00:26:06]} {[%emt 00:20:09]} 10.
Nxe5 {[%clk 00:58:32]} {[%emt 00:04:09]} Nxe5 {[%clk 00:23:23]} {[%emt
00:03:12]} 11. dxe5 {[%clk 00:58:15]} {[%emt 00:00:47]} Qg6 {[%clk 00:23:47]}
{[%emt 00:00:07]} 12. f3 {[%clk 00:56:21]} {[%emt 00:02:23]} Bh3 {[%clk
00:24:10]} {[%emt 00:00:07]} 13. Qe2 {[%clk 00:56:14]} {[%emt 00:00:36]} dxe5
{[%clk 00:24:35]} {[%emt 00:00:07]} 14. Be3 {[%clk 00:55:34]} {[%emt 00:01:10]}
Bxa3 {[%clk 00:20:47]} {[%emt 00:04:19]} 15. Rxa3 {[%clk 00:54:34]} {[%emt
00:01:29]} Nf6 {[%clk 00:20:13]} {[%emt 00:01:04]} 16. Kh1 {[%clk 00:51:25]}
{[%emt 00:03:38]} Be6 {[%clk 00:20:23]} {[%emt 00:00:21]} 17. Bc4 {[%clk
00:51:39]} {[%emt 00:00:16]} Nd7 {[%clk 00:17:39]} {[%emt 00:03:14]} 18. Rd1
{[%clk 00:50:43]} {[%emt 00:01:26]} Ke7 {[%clk 00:18:02]} {[%emt 00:00:07]} 19.
Raa1 {[%clk 00:47:43]} {[%emt 00:03:30]} Rhd8 {[%clk 00:12:55]} {[%emt
00:05:37]} 20. Rd2 {[%clk 00:46:12]} {[%emt 00:02:00]} b6 {[%clk 00:12:47]}
{[%emt 00:00:39]} 21. Rad1 {[%clk 00:44:42]} {[%emt 00:01:59]} Nf8 {[%clk
00:11:19]} {[%emt 00:01:59]} 22. Bd5 {[%clk 00:43:13]} {[%emt 00:01:59]} Rac8
{[%clk 00:05:42]} {[%emt 00:06:07]} 23. b4 {[%clk 00:42:25]} {[%emt 00:01:19]}
Bxd5 {[%clk 00:02:22]} {[%emt 00:03:49]} 24. exd5 {[%clk 00:41:55]} {[%emt
00:01:00]} Qd6 {[%clk 00:01:20]} {[%emt 00:01:33]} 25. bxa5 {[%clk 00:38:45]}
{[%emt 00:03:40]} bxa5 {[%clk 00:01:48]} {[%emt 00:00:01]} 26. Qb5 {[%clk
00:39:15]} {[%emt 00:00:01]} Nd7 {[%clk 00:01:56]} {[%emt 00:00:22]} 27. c4
{[%clk 00:38:17]} {[%emt 00:01:27]} Qb4 {[%clk 00:00:50]} {[%emt 00:01:36]} 28.
c5 {[%clk 00:38:13]} {[%emt 00:00:34]} Qxb5 {[%clk 00:00:40]} {[%emt 00:00:40]}
29. axb5 {[%clk 00:38:42]} {[%emt 00:00:01]} Nf6 {[%clk 00:00:45]} {[%emt
00:00:25]} 30. c6 {[%clk 00:36:33]} {[%emt 00:02:39]} Ne8 {[%clk 00:00:43]}
{[%emt 00:00:32]} 31. b6 {[%clk 00:36:57]} {[%emt 00:00:07]} cxb6 {[%clk
00:00:37]} {[%emt 00:00:35]} 32. Bxb6 {[%clk 00:37:25]} {[%emt 00:00:01]} Nd6
{[%clk 00:00:44]} {[%emt 00:00:24]} 33. Bxd8+ {[%clk 00:37:51]} {[%emt
00:00:04]} Kxd8 {[%clk 00:00:34]} {[%emt 00:00:40]} 34. Ra2 {[%clk 00:38:19]}
{[%emt 00:00:02]} Ra8 {[%clk 00:00:35]} {[%emt 00:00:29]} 35. Rda1 {[%clk
00:38:48]} {[%emt 00:00:01]} Kc7 {[%clk 00:00:41]} {[%emt 00:00:24]} 36. Rxa5
{[%clk 00:39:15]} {[%emt 00:00:03]} Rxa5 {[%clk 00:00:58]} {[%emt 00:00:13]} 37.
Rxa5 {[%clk 00:39:43]} {[%emt 00:00:02]} Kb6 {[%clk 00:01:14]} {[%emt
00:00:14]} 38. Ra8 {[%clk 00:40:10]} {[%emt 00:00:03]} 1-0

[Event "XLIV Memoriał Szachowy Ludwika Zamenhofa 2025, Grupa A"]
[Site "Białystok, Poland"]
[Date "2025.12.30"]
[Round "7.7"]
[White "Mayorau, Mikita"]
[Black "Rozycki, Bartlomiej"]
[Result "1-0"]
[TimeControl "90'+30\""]
[WhiteElo "2472"]
[BlackElo "2197"]

1. d4 {[%clk 01:23:04]} {[%emt 00:07:55]} Nf6 {[%clk 01:30:52]} {[%emt
00:00:08]} 2. c4 {[%clk 01:23:23]} {[%emt 00:00:12]} e6 {[%clk 01:31:18]}
{[%emt 00:00:03]} 3. Nc3 {[%clk 01:23:48]} {[%emt 00:00:06]} Bb4 {[%clk
01:31:45]} {[%emt 00:00:03]} 4. Qc2 {[%clk 01:24:15]} {[%emt 00:00:03]} O-O
{[%clk 01:32:10]} {[%emt 00:00:06]} 5. a3 {[%clk 01:24:43]} {[%emt 00:00:01]}
Bxc3+ {[%clk 01:32:33]} {[%emt 00:00:06]} 6. Qxc3 {[%clk 01:25:10]} {[%emt
00:00:03]} d6 {[%clk 01:32:59]} {[%emt 00:00:04]} 7. Nf3 {[%clk 01:25:37]}
{[%emt 00:00:04]} Nc6 {[%clk 01:33:08]} {[%emt 00:00:22]} 8. g3 {[%clk
01:25:49]} {[%emt 00:00:17]} e5 {[%emt 00:01:17]} 9. d5 {[%clk 01:25:07]} Ne7
{[%clk 01:28:15]} {[%emt 00:05:48]} 10. Bg2 {[%clk 01:25:30]} {[%emt 00:00:06]}
b5 {[%clk 01:18:21]} {[%emt 00:10:25]} 11. cxb5 {[%clk 01:25:12]} {[%emt
00:00:48]} Nexd5 {[%clk 01:18:32]} {[%emt 00:00:19]} 12. Qc2 {[%clk 01:25:06]}
{[%emt 00:00:36]} Bd7 {[%clk 01:09:50]} {[%emt 00:09:12]} 13. Ng5 {[%clk
01:22:37]} {[%emt 00:02:59]} g6 {[%clk 01:08:40]} {[%emt 00:01:41]} 14. h4
{[%clk 01:14:05]} {[%emt 00:09:01]} Rb8 {[%clk 01:02:58]} {[%emt 00:06:12]} 15.
a4 {[%clk 01:01:10]} {[%emt 00:13:25]} h5 {[%clk 00:59:52]} {[%emt 00:03:36]}
16. Ne4 {[%clk 00:56:46]} {[%emt 00:04:54]} Nxe4 {[%emt 00:01:58]} 17. Bxe4
{[%clk 00:56:49]} {[%emt 00:00:25]} Ne7 {[%clk 00:57:57]} {[%emt 00:00:59]} 18.
Bh6 {[%clk 00:53:31]} {[%emt 00:03:48]} Re8 {[%clk 00:58:18]} {[%emt 00:00:09]}
19. O-O {[%clk 00:51:25]} {[%emt 00:02:36]} d5 {[%clk 00:57:55]} {[%emt
00:00:54]} 20. Bg2 {[%clk 00:51:44]} {[%emt 00:00:10]} c6 {[%clk 00:57:23]}
{[%emt 00:01:03]} 21. Bg5 {[%clk 00:46:10]} {[%emt 00:06:03]} Qb6 {[%clk
00:56:16]} {[%emt 00:01:37]} 22. e4 {[%clk 00:31:33]} {[%emt 00:15:06]} cxb5
{[%clk 00:51:15]} {[%emt 00:05:32]} 23. a5 {[%clk 00:28:30]} {[%emt 00:03:33]}
Qe6 {[%clk 00:47:17]} {[%emt 00:04:28]} 24. exd5 {[%clk 00:28:28]} {[%emt
00:00:32]} Nxd5 {[%clk 00:47:30]} {[%emt 00:00:18]} 25. Qc5 {[%clk 00:28:49]}
{[%emt 00:00:08]} Bc6 {[%clk 00:43:35]} {[%emt 00:04:25]} 26. Rfd1 {[%clk
00:28:11]} {[%emt 00:01:08]} e4 {[%clk 00:43:38]} {[%emt 00:00:27]} 27. Rd4
{[%clk 00:26:32]} {[%emt 00:02:08]} Ne7 {[%clk 00:41:41]} {[%emt 00:02:28]} 28.
Bxe7 {[%clk 00:21:40]} {[%emt 00:05:21]} Rxe7 {[%clk 00:42:06]} {[%emt
00:00:05]} 29. Rd6 {[%clk 00:22:08]} {[%emt 00:00:02]} 1-0

[Event "XLIV Memoriał Szachowy Ludwika Zamenhofa 2025, Grupa A"]
[Site "Białystok, Poland"]
[Date "2025.12.30"]
[Round "7.8"]
[White "Niedbala, Bartlomiej"]
[Black "Cukrowski, Filip"]
[Result "1-0"]
[TimeControl "90'+30\""]
[WhiteElo "2380"]
[BlackElo "2417"]

1. e4 {[%clk 01:30:57]} {[%emt 00:00:02]} c5 {[%clk 01:07:43]} {[%emt
00:23:18]} 2. Nf3 {[%clk 01:31:08]} {[%emt 00:00:19]} e6 {[%clk 01:07:56]}
{[%emt 00:00:17]} 3. d4 {[%clk 01:25:03]} {[%emt 00:06:34]} cxd4 {[%clk
01:08:20]} {[%emt 00:00:07]} 4. Nxd4 {[%clk 01:25:30]} {[%emt 00:00:03]} Nc6
{[%clk 01:08:42]} {[%emt 00:00:09]} 5. Nc3 {[%clk 01:25:58]} {[%emt 00:00:01]}
Qc7 {[%clk 01:08:59]} {[%emt 00:00:13]} 6. Be2 {[%clk 01:23:40]} {[%emt
00:02:48]} a6 {[%clk 01:00:35]} {[%emt 00:08:54]} 7. Nxc6 {[%clk 01:23:19]}
{[%emt 00:00:50]} bxc6 {[%clk 00:57:43]} {[%emt 00:03:23]} 8. Qd3 {[%clk
01:23:46]} {[%emt 00:00:03]} d5 {[%clk 00:53:00]} {[%emt 00:05:13]} 9. Qg3
{[%clk 01:20:24]} {[%emt 00:03:51]} Qxg3 {[%clk 00:52:33]} {[%emt 00:00:58]} 10.
hxg3 {[%clk 01:20:51]} {[%emt 00:00:03]} Nf6 {[%clk 00:51:46]} {[%emt
00:01:17]} 11. g4 {[%clk 01:17:58]} {[%emt 00:03:22]} Bb4 {[%clk 00:48:25]}
{[%emt 00:03:52]} 12. Bd2 {[%clk 01:11:13]} {[%emt 00:07:15]} d4 {[%clk
00:43:51]} {[%emt 00:05:04]} 13. g5 {[%clk 00:48:58]} {[%emt 00:22:45]} dxc3
{[%clk 00:43:25]} {[%emt 00:00:56]} 14. bxc3 {[%clk 00:49:25]} {[%emt
00:00:03]} Be7 {[%clk 00:17:41]} {[%emt 00:26:14]} 15. gxf6 {[%clk 00:49:34]}
{[%emt 00:00:20]} Bxf6 {[%clk 00:18:09]} {[%emt 00:00:02]} 16. f4 {[%clk
00:40:36]} {[%emt 00:09:28]} e5 {[%clk 00:16:34]} {[%emt 00:02:05]} 17. f5
{[%clk 00:40:33]} {[%emt 00:00:31]} g6 {[%clk 00:12:18]} {[%emt 00:04:48]} 18.
Rb1 {[%clk 00:25:16]} {[%emt 00:15:47]} gxf5 {[%clk 00:11:46]} {[%emt
00:01:02]} 19. exf5 {[%clk 00:24:16]} {[%emt 00:01:30]} Be7 {[%clk 00:02:30]}
{[%emt 00:09:46]} 20. Bf3 {[%clk 00:20:11]} {[%emt 00:04:34]} Bd7 {[%clk
00:02:59]} {[%emt 00:00:02]} 21. g4 {[%clk 00:17:08]} {[%emt 00:03:33]} Kd8
{[%clk 00:02:34]} {[%emt 00:00:56]} 22. Rh6 {[%clk 00:12:29]} {[%emt 00:05:08]}
f6 {[%clk 00:02:13]} {[%emt 00:00:51]} 23. Ke2 {[%clk 00:12:20]} {[%emt
00:00:39]} Kc7 {[%clk 00:01:18]} {[%emt 00:01:25]} 24. Rbh1 {[%clk 00:12:09]}
{[%emt 00:00:41]} Rae8 {[%clk 00:00:36]} {[%emt 00:01:12]} 25. Rxh7 {[%clk
00:11:32]} {[%emt 00:01:07]} Rhg8 {[%clk 00:01:01]} {[%emt 00:00:05]} 26. Rd1
{[%clk 00:07:26]} {[%emt 00:04:36]} e4 {[%clk 00:00:55]} {[%emt 00:00:37]} 27.
Bf4+ {[%clk 00:07:31]} {[%emt 00:00:24]} Kc8 {[%clk 00:01:13]} {[%emt
00:00:12]} 28. Bxe4 {[%clk 00:07:19]} {[%emt 00:00:42]} Rxg4 {[%clk 00:00:45]}
{[%emt 00:00:58]} 29. Kf3 {[%clk 00:07:23]} {[%emt 00:00:25]} Rgg8 {[%clk
00:00:51]} {[%emt 00:00:25]} 30. Rb1 {[%clk 00:06:46]} {[%emt 00:01:07]} Kd8
{[%clk 00:01:20]} {[%emt 00:00:01]} 31. Rb8+ {[%clk 00:06:54]} {[%emt
00:00:22]} Bc8 {[%clk 00:01:48]} {[%emt 00:00:01]} 32. Bxc6 {[%clk 00:07:09]}
{[%emt 00:00:16]} Rh8 {[%clk 00:01:41]} {[%emt 00:00:38]} 33. Rxh8 {[%clk
00:03:52]} {[%emt 00:03:46]} Rxh8 {[%clk 00:02:09]} {[%emt 00:00:01]} 34. Bb7
{[%clk 00:03:49]} {[%emt 00:00:32]} Rh3+ {[%clk 00:01:50]} {[%emt 00:00:50]} 35.
Ke4 {[%clk 00:04:18]} Rxc3 {[%clk 00:02:00]} {[%emt 00:00:20]} 36. Rxc8+ {[%clk
00:04:10]} {[%emt 00:00:38]} Rxc8 {[%clk 00:02:24]} {[%emt 00:00:06]} 37. Bxc8
{[%clk 00:04:39]} {[%emt 00:00:01]} Kxc8 {[%clk 00:02:49]} {[%emt 00:00:05]} 38.
Kd5 {[%clk 00:05:07]} {[%emt 00:00:02]} Kd7 {[%clk 00:03:07]} {[%emt 00:00:12]}
39. c4 {[%clk 00:05:00]} {[%emt 00:00:37]} a5 {[%clk 00:02:40]} {[%emt
00:00:57]} 40. a4 {[%clk 00:04:50]} {[%emt 00:00:39]} Bb4 {[%clk 00:02:46]}
{[%emt 00:00:25]} 41. c5 {[%clk 00:05:03]} {[%emt 00:00:16]} Bc3 {[%clk
00:02:28]} {[%emt 00:00:49]} 42. c6+ {[%clk 00:04:48]} {[%emt 00:00:45]} Kc8
{[%clk 00:02:49]} {[%emt 00:00:08]} 43. Bd6 {[%clk 00:04:39]} {[%emt 00:00:40]}
Kd8 {[%clk 00:02:57]} {[%emt 00:00:22]} 44. Kc4 {[%clk 00:03:50]} {[%emt
00:01:19]} Bd2 {[%clk 00:03:05]} {[%emt 00:00:21]} 45. Kb5 {[%clk 00:04:03]}
{[%emt 00:00:18]} Bc3 {[%clk 00:02:56]} {[%emt 00:00:39]} 46. Kb6 {[%clk
00:03:07]} {[%emt 00:01:26]} Kc8 {[%clk 00:03:18]} {[%emt 00:00:08]} 47. Kb5
{[%clk 00:02:20]} {[%emt 00:01:17]} Kd8 {[%clk 00:03:18]} {[%emt 00:00:30]} 48.
Bc5 {[%clk 00:01:32]} {[%emt 00:01:18]} 1-0

[Event "XLIV Memoriał Szachowy Ludwika Zamenhofa 2025, Grupa A"]
[Site "Białystok, Poland"]
[Date "2025.12.30"]
[Round "7.9"]
[White "Lecki, Leonard"]
[Black "Turski, Bartlomiej"]
[Result "0-1"]
[TimeControl "90'+30\""]
[WhiteElo "2194"]
[BlackElo "2411"]

1. c4 {[%clk 01:24:47]} {[%emt 00:01:59]} e5 {[%clk 01:30:55]} {[%emt
00:00:06]} 2. Nc3 {[%clk 01:25:13]} {[%emt 00:00:04]} Bb4 {[%clk 01:31:22]}
{[%emt 00:00:04]} 3. Nd5 {[%clk 01:22:35]} {[%emt 00:03:08]} a5 {[%clk
01:31:47]} {[%emt 00:00:04]} 4. a3 {[%clk 01:21:34]} {[%emt 00:01:31]} Bc5
{[%clk 01:31:52]} {[%emt 00:00:25]} 5. e3 {[%clk 01:21:59]} {[%emt 00:00:05]}
d6 {[%clk 01:32:19]} {[%emt 00:00:03]} 6. Ne2 {[%clk 01:21:47]} {[%emt
00:00:41]} Ne7 {[%clk 01:31:29]} {[%emt 00:01:19]} 7. d4 {[%clk 01:08:11]}
{[%emt 00:14:07]} Ba7 {[%clk 01:30:35]} {[%emt 00:01:25]} 8. dxe5 {[%clk
01:03:47]} {[%emt 00:04:54]} dxe5 {[%clk 01:30:42]} {[%emt 00:00:22]} 9. Nxe7
{[%clk 01:02:59]} {[%emt 00:01:18]} Qxe7 {[%clk 01:30:40]} {[%emt 00:00:33]} 10.
Nc3 {[%clk 01:03:12]} {[%emt 00:00:16]} O-O {[%clk 01:29:54]} {[%emt 00:01:14]}
11. Qc2 {[%clk 01:02:25]} {[%emt 00:01:19]} Be6 {[%clk 01:27:45]} {[%emt
00:02:39]} 12. Be2 {[%clk 01:01:48]} {[%emt 00:01:07]} Nd7 {[%clk 01:27:58]}
{[%emt 00:00:18]} 13. b3 {[%clk 00:53:47]} {[%emt 00:08:30]} c6 {[%clk
01:26:09]} {[%emt 00:02:18]} 14. Bb2 {[%clk 00:52:22]} {[%emt 00:01:56]} f5
{[%clk 01:25:49]} {[%emt 00:00:50]} 15. O-O {[%clk 00:49:45]} {[%emt 00:03:06]}
Rf7 {[%clk 01:25:42]} {[%emt 00:00:34]} 16. Rad1 {[%clk 00:43:04]} {[%emt
00:07:15]} Raf8 {[%clk 01:22:40]} {[%emt 00:03:31]} 17. Nd5 {[%clk 00:40:40]}
{[%emt 00:02:55]} Qd8 {[%clk 01:21:47]} {[%emt 00:01:19]} 18. Qc3 {[%clk
00:37:25]} {[%emt 00:03:50]} f4 {[%clk 01:12:41]} {[%emt 00:09:36]} 19. Bh5
{[%clk 00:18:28]} {[%emt 00:19:27]} f3 {[%clk 01:11:14]} {[%emt 00:01:56]} 20.
Bxf7+ {[%clk 00:16:05]} {[%emt 00:02:53]} Rxf7 {[%clk 01:11:43]} {[%emt
00:00:01]} 21. g3 {[%clk 00:16:15]} {[%emt 00:00:20]} cxd5 {[%clk 01:07:16]}
{[%emt 00:04:57]} 22. cxd5 {[%clk 00:16:38]} {[%emt 00:00:07]} Bf5 {[%clk
01:07:23]} {[%emt 00:00:23]} 23. d6 {[%clk 00:15:04]} {[%emt 00:02:04]} Bb6
{[%clk 01:02:29]} {[%emt 00:05:24]} 24. h4 {[%clk 00:11:48]} {[%emt 00:03:45]}
Be6 {[%clk 01:01:32]} {[%emt 00:01:27]} 25. Kh2 {[%clk 00:09:11]} {[%emt
00:03:08]} Qf6 {[%clk 01:01:10]} {[%emt 00:00:52]} 26. Rh1 {[%clk 00:09:32]}
{[%emt 00:00:09]} Qf5 {[%clk 01:00:38]} {[%emt 00:01:02]} 27. Kg1 {[%clk
00:09:54]} {[%emt 00:00:07]} h5 {[%clk 01:00:45]} {[%emt 00:00:24]} 0-1